Dějiny ekonomických učení

Hlavní autor: Petráček, Jaroslav
Jazyk: Čeština
Vydáno: Praha, 1977
Knihy
Uloženo v:
LEADER 00486nam a22001692a 4500
001 000125256
003 CZ BrMZK
005 19961101143423.0
007 ta
008 950101s1977 xr f cze d
040 |a BOA001  |b cze 
100 1 |a Petráček, Jaroslav  |7 jk01092769 
245 1 0 |a Dějiny ekonomických učení 
260 |a Praha,  |c 1977 
910 |a BOA001  |b 4-0774.180-77 
990 |a BK 
996 7 |b 2619924137  |c 4-0774.180-77  |l MZK  |r Sklad / do 1 hodiny  |n 4  |w 000125256  |u 000010  |a 1  |e BOA001  |j MZK50  |s A